The noble scholar, jurist, historian


 His Excellency Dr. Abdul Wahhab bin Ibrahim Abu Sulaiman, may Allah have mercy on him.


 He was born in Umm Al-Qura in the year 1356 AH.

هداية السالك إلى المذاهب الأربعة في المناسك / (Record no. 2852)

MARC details
000 -LEADER
fixed length control field 01807cam a2200325 i 4500
003 - CONTROL NUMBER IDENTIFIER
control field SA-RiAUC
005 - DATE AND TIME OF LATEST TRANSACTION
control field 20241128134943.0
008 - FIXED-LENGTH DATA ELEMENTS--GENERAL INFORMATION
fixed length control field 241128s2001 su g 000r0 ara c
040 ## - CATALOGING SOURCE
Original cataloging agency SA-RiAUC
Language of cataloging ara
Transcribing agency SA-RiAUC
Description conventions rda
082 04 - DEWEY DECIMAL CLASSIFICATION NUMBER
Classification number 252.5
090 ## - LOCALLY ASSIGNED LC-TYPE CALL NUMBER (OCLC); LOCAL CALL NUMBER (RLIN)
Classification number (OCLC) (R) ; Classification number, CALL (RLIN) (NR) 252.5
Local cutter number (OCLC) ; Book number/undivided call number, CALL (RLIN) ا ب ن ج
100 1# - MAIN ENTRY--PERSONAL NAME
Personal name ابن جماعة، عبد العزيز بن محمد بن إبراهيم،
Dates associated with a name 694-767 هجري
Relator term مؤلف.
245 10 - TITLE STATEMENT
Title هداية السالك إلى المذاهب الأربعة في المناسك /
Statement of responsibility, etc. تأليف عز الدين عبد العزيز بن محمد بن إبراهيم بن جماعة ؛ تحقيق ودراسة صالح بن ناصر بن صالح الخزيم ؛ إشراف صالح بن فوزان بن عبد الله الفوزان ؛ أشرف على طبعه خالد بن علي بن محمد المشيقح.
246 30 - VARYING FORM OF TITLE
Title proper/short title المذاهب الأربعة في المناسك
250 ## - EDITION STATEMENT
Edition statement الطبعة الأولى.
264 #1 - PRODUCTION, PUBLICATION, DISTRIBUTION, MANUFACTURE, AND COPYRIGHT NOTICE
Place of production, publication, distribution, manufacture الدمام، السعودية ؛
-- الأحساء، السعودية
Name of producer, publisher, distributor, manufacturer دار بن الجوزي للنشر والتوزيع،
Date of production, publication, distribution, manufacture, or copyright notice [2001]
300 ## - PHYSICAL DESCRIPTION
Extent 4 مجلد ؛
Dimensions 24 سم.
336 ## - CONTENT TYPE
Content type term نص
Content type code txt
Source rdacontent
Materials specified كتاب
337 ## - MEDIA TYPE
Media type term بدون وسيط
Media type code n
Source rdamedia
338 ## - CARRIER TYPE
Carrier type term مجلد
Carrier type code nc
Source rdacarrier
440 #0 - SERIES STATEMENT/ADDED ENTRY--TITLE
Title رسائل جامعية
Volume/sequential designation 21
650 #7 - SUBJECT ADDED ENTRY--TOPICAL TERM
Topical term or geographic name entry element الحج
Source of heading or term aucsh
650 #7 - SUBJECT ADDED ENTRY--TOPICAL TERM
Topical term or geographic name entry element العبادات (فقه إسلامي)
Source of heading or term aucsh
650 #7 - SUBJECT ADDED ENTRY--TOPICAL TERM
Topical term or geographic name entry element الفقه الإسلامي
General subdivision مذاهب
Source of heading or term aucsh
700 1# - ADDED ENTRY--PERSONAL NAME
Personal name الخزيم، صالح بن ناصر بن صالح،
Dates associated with a name 1353 هجري-
Relator term محقق.
700 1# - ADDED ENTRY--PERSONAL NAME
Personal name الفوزان، صالح بن فوزان بن عبد الله،
Dates associated with a name 1354 هجري-
Relator term مشرف.
700 1# - ADDED ENTRY--PERSONAL NAME
Personal name المشيقح، خالد بن علي بن محمد
Relator term مشرف.
942 ## - ADDED ENTRY ELEMENTS (KOHA)
Source of classification or shelving scheme Dewey Decimal Classification
Koha item type Books
Suppress in OPAC No
949 ## - LOCAL PROCESSING INFORMATION (OCLC)
a SA-JeALM
d 241128
u osman123
n 1
Holdings
Withdrawn status Lost status Source of classification or shelving scheme Materials specified (bound volume or other part) Damaged status Not for loan Home library Current library Date acquired Total checkouts Full call number Barcode Date last seen Price effective from Koha item type
    Dewey Decimal Classification الجزء الاول     DR AbdElwahab Library DR AbdElwahab Library 11/28/2024   252.5 ا ب ن ج 000004431 11/28/2024 11/28/2024 Books
    Dewey Decimal Classification الجزء الثاني     DR AbdElwahab Library DR AbdElwahab Library 11/28/2024   252.5 ا ب ن ج 000004432 11/28/2024 11/28/2024 Books
    Dewey Decimal Classification الجزء الثالث     DR AbdElwahab Library DR AbdElwahab Library 11/28/2024   252.5 ا ب ن ج 000004433 11/28/2024 11/28/2024 Books
    Dewey Decimal Classification الجزء الرابع     DR AbdElwahab Library DR AbdElwahab Library 11/28/2024   252.5 ا ب ن ج 000004434 11/28/2024 11/28/2024 Books